000 00572ntaaa2200205 4500
003 01
005 20251027203238.0
008 0714s1973 ag 01
020 _a1889638501
040 _aAR-BaBN
_bspa
_cAR-BaBN
_eaacr
_dRIC
082 _a254.5 N27
100 _aNebel, Tom
_934805
245 _aChurch planting Landmines :
_bMistakes to Avoid in years 2 through 10 /
_cTom Nebel, Gary Rohrmayer
250 _a1ยช ed. :
_bChurchSmart,
_c2005
300 _a140 p.
650 _aiGLESIA
650 _aMEMBRESIA
_934806
700 _aRohrmayer, Gary
_934807
942 _cBK
999 _c27883
_d27883